<?xml version="1.0" encoding="UTF-8"?>
<marc:record xmlns:marc="http://www.loc.gov/MARC21/slim">
   <marc:leader>00000nam a2200000 a 4500</marc:leader>
   <marc:datafield ind1="1" ind2=" " tag="100">
      <marc:subfield code="a">Price, Lissa</marc:subfield>
      <marc:subfield code="4">aut</marc:subfield>
      <marc:subfield code="e">Verfasser/-in</marc:subfield>
   </marc:datafield>
   <marc:datafield ind1="0" ind2="0" tag="245">
      <marc:subfield code="a">Enders</marc:subfield>
   </marc:datafield>
   <marc:datafield ind1="0" ind2="0" tag="245">
      <marc:subfield code="b">Roman</marc:subfield>
   </marc:datafield>
   <marc:datafield ind1=" " ind2="1" tag="264">
      <marc:subfield code="b">Piper  Verlag</marc:subfield>
      <marc:subfield code="c">2014</marc:subfield>
   </marc:datafield>
   <marc:datafield ind1="1" ind2=" " tag="520">
      <marc:subfield code="a">Die 16-jährige Callie lebt in einer Welt, in der eine unheimliche Katastrophe zahlreiche Erwachsenenleben vernichtet hat. Und in der die jungen Menschen einer anscheinend ausweglosen Armut verfallen. Die einzige Möglichkeit für die jugendlichen Starters an Geld zu kommen, war bislang die Body Bank. Dort konnten sie ihre Körper an alte Menschen vermieten, um so ihr Überleben zu sichern. Doch jetzt droht eine noch viel größere Gefahr...</marc:subfield>
   </marc:datafield>
   <marc:datafield ind1=" " ind2=" " tag="020">
      <marc:subfield code="a">9783492269773</marc:subfield>
      <marc:subfield code="9">9783492269773</marc:subfield>
   </marc:datafield>
</marc:record>
